[Event "DMP Ekstraliga 2020"]
[Site "Krakow"]
[Date "2020.08.30"]
[Round "5.24"]
[White "Kulon, Klaudia"]
[Black "Bulmaga, Irina"]
[Result "1/2-1/2"]
[WhiteElo "2336"]
[BlackElo "2434"]
[Annotator "ChessBase"]
[PlyCount "91"]
[EventDate "2020.08.26"]
[EventType "team-tourn"]
[EventCountry "POL"]
[SourceTitle "playchess.com"]
[Source "ChessBase"]
[SourceQuality "1"]
[WhiteTeam "Wrzos Miedzyborow"]
[BlackTeam "Hetman Plock"]
[TimeControl "30/5400+30:1800+30"]

1. d4 {[%emt 0:00:00]} Nf6 {[%emt 0:00:00]} 2. Bg5 {[%emt 0:00:00]} d5 {[%emt 0:00:00]} 3. Bxf6 {[%emt 0:00:00]} exf6 {[%emt 0:00:00]} 4. e3 {[%emt 0:00:00]} g6 {[%emt 0:00:31]} 5. g3 {[%emt 0:02:22]} c6 {[%emt 0:00:47]} 6. Bg2 {[%emt 0:00:06]} h5 {[%emt 0:00:08]} 7. Nf3 {[%emt 0:07:49]} Be6 {[%emt 0:09:33]} 8. O-O {[%emt 0:03:16]} Nd7 {[%emt 0:02:53]} 9. Nbd2 {[%emt 0:00:57]} Be7 {[%emt 0:08:57]} 10. Qe2 {[%emt 0:04:09]} f5 {[%emt 0:06:25]} 11. c4 {[%emt 0:02:57]} h4 {[%emt 0:01:45]} 12. b3 {[%emt 0:08:53]} Kf8 {[%emt 0:03:57]} 13. Ne1 {[%emt 0:02:35]} Bd6 {[%emt 0:08:17]} 14. Nd3 {[%emt 0:06:29]} Qf6 {[%emt 0:00:27]} 15. cxd5 {[%emt 0:02:43]} cxd5 {[%emt 0:02:38]} 16. Nf4 {[%emt 0:04:34]} Bxf4 {[%emt 0:05:52]} 17. exf4 {[%emt 0:00:36]} hxg3 {[%emt 0:00:18]} 18. hxg3 {[%emt 0:00:06]} g5 {[%emt 0:04:26]} 19. fxg5 {[%emt 0:03:30]} Qxg5 {[%emt 0:00:57]} 20. Nf3 {[%emt 0:00:26]} Qg4 {[%emt 0:05:42]} 21. Qe3 {[%emt 0:01:02]} f4 {[%emt 0:06:14]} 22. Qxf4 {[%emt 0:01:37]} Qxf4 {[%emt 0:00:06]} 23. gxf4 {[%emt 0:00:02]} Ke7 {[%emt 0:04:15]} 24. Rfe1 {[%emt 0:02:17]} Kf6 {[%emt 0:01:14]} 25. Rac1 {[%emt 0:02:35]} Rac8 {[%emt 0:04:30]} 26. Ng5 {[%emt 0:06:04]} Rc6 {[%emt 0:00:39]} 27. Bf1 {[%emt 0:01:18]} Rhc8 {[%emt 0:02:42]} 28. Rxc6 {[%emt 0:00:45]} Rxc6 {[%emt 0:01:08]} 29. Bb5 {[%emt 0:00:41]} Rc7 {[%emt 0:00:42]} 30. Kg2 {[%emt 0:01:18]} Nb8 {[%emt 0:10:54]} 31. Bd3 {[%emt 0:33:46]} Nc6 {[%emt 0:34:49]} 32. Nh7+ {[%emt 0:03:27]} Kg7 {[%emt 0:00:01]} 33. f5 {[%emt 0:00:07]} Kxh7 {[%emt 0:00:06]} 34. fxe6+ {[%emt 0:00:13]} Kg7 {[%emt 0:00:06]} 35. exf7 {[%emt 0:02:21]} Rxf7 {[%emt 0:02:19]} 36. Re6 {[%emt 0:01:14]} Rf6 {[%emt 0:00:12]} 37. Re8 {[%emt 0:01:02]} Rd6 {[%emt 0:03:06]} 38. Bb5 {[%emt 0:01:49]} Nxd4 {[%emt 0:01:15]} 39. Re7+ {[%emt 0:00:06]} Kf6 {[%emt 0:00:12]} 40. Rxb7 {[%emt 0:00:00]} Nxb5 {[%emt 0:00:00]} 41. Rxb5 {[%emt 0:00:00]} Ke5 {[%emt 0:00:00]} 42. Kf1 {[%emt 0:00:00]} Kd4 {[%emt 0:00:00]} 43. Ke2 {[%emt 0:00:00]} Re6+ {[%emt 0:00:00]} 44. Kd2 {[%emt 0:00:00]} Rf6 {[%emt 0:00:00]} 45. Ke2 {[%emt 0:00:00]} Re6+ {[%emt 0:00:00]} 46. Kd2 {[%emt 0:00:00]} 1/2-1/2

[Event "DMP Ekstraliga 2020"]
[Site "Krakow"]
[Date "2020.08.30"]
[Round "5.25"]
[White "Klekowski, Maciej"]
[Black "Wojtaszek, Radoslaw"]
[Result "1/2-1/2"]
[WhiteElo "2511"]
[BlackElo "2717"]
[Annotator "TA"]
[PlyCount "84"]
[EventDate "2020.08.26"]
[EventType "team-tourn"]
[EventCountry "POL"]
[SourceTitle "playchess.com"]
[Source "ChessBase"]
[SourceQuality "1"]
[WhiteTeam "UKS 21 Podlesie"]
[BlackTeam "HETMAN Katowice"]

{[%evp 16,84,14,10,18,7,10,-17,0,-20,-14,-27,-20,-8,-12,-6,-10,-21,0,-18,-9,-3,0,-5,-7,-13,-8,-13,0,-13,-13,-12,-10,-8,-10,-41,-41,-42,-10,-13,-13,-17,-17,-59,-12,-14,-10,-20,-11,-11,-11,-17,0,0,0,-6,-6,-10,-10,-20,-17,-17,-9,-17,0,0,0,0,0,0,0]} 1. d4 Nf6 2. c4 e6 3. Nf3 d5 4. g3 Bb4+ 5. Bd2 Be7 6. Bg2 O-O 7. Qc2 Nbd7 8. O-O c6 9. Rd1 b6 {E11: Bogo-Indian.} 10. Bc3 {[#]} Ba6 $146 ({Predecessor:} 10... a5 11. Ne5 Bb7 12. Nd2 b5 13. b3 Nxe5 14. dxe5 Nd7 15. cxb5 cxb5 16. Qb2 Nc5 17. Bd4 {0-1 (55) Sofronie,I (2449)-Nisipeanu,L (2670) Baile Tusnad 2005}) 11. Ne5 Qc7 12. Qa4 {[#] Threatens to win with Nxd7.} Bb7 13. Nd2 Nxe5 14. dxe5 Nd7 15. cxd5 cxd5 16. Rac1 Rfc8 ({Much worse is} 16... Nxe5 $6 17. Bxe5 Qxe5 18. Qd7 $16) 17. Qf4 Nc5 18. Bd4 {b4 is the strong threat.} Qd8 19. h4 Qe8 20. b3 Rc7 21. Bxc5 Rxc5 22. e4 Rd8 23. exd5 Bxd5 24. Ne4 Bxe4 25. Rxd8 Qxd8 26. Bxe4 g6 (26... g5 {feels hotter.} 27. Qe3 Rxc1+ 28. Qxc1 Qd4 29. Bc2 Qxe5 30. hxg5 Bxg5 31. Qd1 h6) 27. Rxc5 Bxc5 28. Bc6 Qc7 29. Qe4 h5 (29... f5 $5 {[%cal Rf5e4]} 30. exf6 Qxg3+ {[%mdl 64] Double Attack} 31. Kh1 Qh3+ 32. Kg1 Bd6 $17) 30. Kf1 {The position is equal.} Ba3 31. Ke2 Bb2 32. f4 Ba3 33. Qc4 Bc5 34. Be4 Qe7 35. Qd3 Kg7 36. Bc6 Ba3 37. Qc3 Qc7 38. Qc4 Bc5 39. Be4 a5 40. a4 Qe7 41. Qc3 Bg1 42. Kf1 Bc5 {Accuracy: White = 93%, Black = 93%.} 1/2-1/2

[Event "DMP Ekstraliga 2020"]
[Site "Krakow"]
[Date "2020.08.30"]
[Round "5.26"]
[White "Gajewski, Grzegorz"]
[Black "Teclaf, Pawel"]
[Result "1/2-1/2"]
[WhiteElo "2616"]
[BlackElo "2454"]
[Annotator "ChessBase"]
[PlyCount "67"]
[EventDate "2020.08.26"]
[EventType "team-tourn"]
[EventCountry "POL"]
[SourceTitle "playchess.com"]
[Source "ChessBase"]
[SourceQuality "1"]
[WhiteTeam "HETMAN Katowice"]
[BlackTeam "UKS 21 Podlesie"]
[TimeControl "30/5400+30:1800+30"]

1. d4 {[%emt 0:00:10]} Nf6 {[%emt 0:00:00]} 2. c4 {[%emt 0:00:07]} g6 {[%emt 0:00:00]} 3. Nc3 {[%emt 0:00:06]} d5 {[%emt 0:00:00]} 4. cxd5 {[%emt 0:00:29]} Nxd5 {[%emt 0:00:00]} 5. e4 {[%emt 0:00:05]} Nxc3 {[%emt 0:00:03]} 6. bxc3 {[%emt 0:00:03]} Bg7 {[%emt 0:00:07]} 7. Nf3 {[%emt 0:00:55]} c5 {[%emt 0:01:34]} 8. Rb1 {[%emt 0:01:59]} O-O {[%emt 0:03:44]} 9. Be2 {[%emt 0:00:05]} b6 {[%emt 0:09:09]} 10. O-O {[%emt 0:00:57]} Bb7 {[%emt 0:01:19]} 11. d5 {[%emt 0:02:02]} Bxc3 {[%emt 0:06:48]} 12. h4 {[%emt 0:00:57]} Qd6 {[%emt 0:10:38]} 13. Rb3 {[%emt 0:16:19]} Bf6 {[%emt 0:17:20]} 14. e5 {[%emt 0:24:21]} Bxe5 {[%emt 0:03:12]} 15. Nxe5 {[%emt 0:00:13]} Qxe5 {[%emt 0:00:04]} 16. Bf3 {[%emt 0:00:05]} Qd4 {[%emt 0:23:57]} 17. Qe2 {[%emt 0:08:02]} Qxh4 {[%emt 0:06:57]} 18. Bb2 {[%emt 0:04:52]} Nd7 {[%emt 0:01:03]} 19. Re3 {[%emt 0:00:05]} Rfe8 {[%emt 0:03:21]} 20. Re1 {[%emt 0:00:32]} Rad8 {[%emt 0:02:07]} 21. Qd2 {[%emt 0:10:35]} Nf6 {[%emt 0:03:20]} 22. g3 {[%emt 0:04:03]} Qg5 {[%emt 0:01:10]} 23. Qc3 {[%emt 0:00:38]} Rd7 {[%emt 0:02:14]} 24. Re5 {[%emt 0:17:36]} Qh6 {[%emt 0:00:01]} 25. Kg2 {[%emt 0:00:28]} Kf8 {[%emt 0:01:44]} 26. Rxe7 {[%emt 0:02:06]} Rexe7 {[%emt 0:00:05]} 27. Rxe7 {[%emt 0:00:53]} Rxe7 {[%emt 0:00:26]} 28. Qxf6 {[%emt 0:00:02]} Ke8 {[%emt 0:00:31]} 29. Qd6 {[%emt 0:01:58]} f5 {[%emt 0:02:12]} 30. Bf6 {[%emt 0:01:04]} Qf8 {[%emt 0:00:31]} 31. Bg5 {[%emt 0:32:14]} Kf7 {[%emt 0:30:44]} 32. Qf6+ {[%emt 0:00:14]} Ke8 {[%emt 0:00:01]} 33. Qd6 {[%emt 0:00:01]} Kf7 {[%emt 0:00:01]} 34. Qf6+ {[%emt 0:01:39]} 1/2-1/2

[Event "DMP Ekstraliga 2020"]
[Site "Krakow"]
[Date "2020.08.30"]
[Round "5.27"]
[White "Barski, Radoslaw"]
[Black "Socko, Bartosz"]
[Result "1/2-1/2"]
[WhiteElo "2444"]
[BlackElo "2601"]
[Annotator "ChessBase"]
[PlyCount "65"]
[EventDate "2020.08.26"]
[EventType "team-tourn"]
[EventCountry "POL"]
[SourceTitle "playchess.com"]
[Source "ChessBase"]
[SourceQuality "1"]
[WhiteTeam "UKS 21 Podlesie"]
[BlackTeam "HETMAN Katowice"]
[TimeControl "30/5400+30:1800+30"]

1. d4 {[%emt 0:00:00]} d5 {[%emt 0:00:00]} 2. c4 {[%emt 0:00:13]} dxc4 {[%emt 0:00:00]} 3. e4 {[%emt 0:04:24]} Nf6 {[%emt 0:00:03]} 4. e5 {[%emt 0:00:20]} Nd5 {[%emt 0:00:07]} 5. Bxc4 {[%emt 0:00:07]} Bf5 {[%emt 0:00:05]} 6. Nc3 {[%emt 0:06:19]} Nxc3 {[%emt 0:00:09]} 7. bxc3 {[%emt 0:00:06]} e6 {[%emt 0:00:13]} 8. Qf3 {[%emt 0:04:50]} c6 {[%emt 0:07:05]} 9. Ne2 {[%emt 0:01:04]} Be7 {[%emt 0:00:08]} 10. O-O {[%emt 0:06:16]} Nd7 {[%emt 0:04:37]} 11. Bb3 {[%emt 0:06:49]} Qc7 {[%emt 0:04:44]} 12. Ng3 {[%emt 0:01:17]} Bg6 {[%emt 0:00:08]} 13. Qe2 {[%emt 0:00:41]} Bh4 {[%emt 0:28:23]} 14. Ba3 {[%emt 0:05:17]} Bxg3 {[%emt 0:04:21]} 15. hxg3 {[%emt 0:00:39]} c5 {[%emt 0:05:34]} 16. d5 {[%emt 0:07:39]} O-O-O {[%emt 0:07:15]} 17. f4 {[%emt 0:15:22]} c4 {[%emt 0:03:43]} 18. Qxc4 {[%emt 0:13:23]} Qxc4 {[%emt 0:00:33]} 19. Bxc4 {[%emt 0:00:04]} Nb6 {[%emt 0:00:56]} 20. Be2 {[%emt 0:00:07]} Nxd5 {[%emt 0:01:36]} 21. Kf2 {[%emt 0:04:02]} Be4 {[%emt 0:01:56]} 22. Rfc1 {[%emt 0:01:47]} f5 {[%emt 0:06:36]} 23. c4 {[%emt 0:01:36]} Nc7 {[%emt 0:01:33]} 24. Bd6 {[%emt 0:00:39]} Rd7 {[%emt 0:00:09]} 25. a4 {[%emt 0:04:03]} g5 {[%emt 0:01:12]} 26. fxg5 {[%emt 0:10:27]} Rg8 {[%emt 0:00:40]} 27. Rh1 {[%emt 0:01:35]} Rxg5 {[%emt 0:00:08]} 28. Rh6 {[%emt 0:00:22]} Rdg7 {[%emt 0:00:55]} 29. Ra3 {[%emt 0:00:06]} Kd7 {[%emt 0:05:51]} 30. Bxc7 {[%emt 0:03:28]} Kxc7 {[%emt 0:00:15]} 31. Rxe6 {[%emt 0:30:03]} R5g6 {[%emt 0:36:00]} 32. Rxg6 {[%emt 0:00:27]} hxg6 {[%emt 0:00:16]} 33. Ke3 {[%emt 0:02:08]} 1/2-1/2

[Event "DMP Ekstraliga 2020"]
[Site "Krakow"]
[Date "2020.08.30"]
[Round "5.28"]
[White "Miton, Kamil"]
[Black "Kosakowski, Jakub"]
[Result "0-1"]
[WhiteElo "2590"]
[BlackElo "2418"]
[Annotator "ChessBase"]
[PlyCount "78"]
[EventDate "2020.08.26"]
[EventType "team-tourn"]
[EventCountry "POL"]
[SourceTitle "playchess.com"]
[Source "ChessBase"]
[SourceQuality "1"]
[WhiteTeam "HETMAN Katowice"]
[BlackTeam "UKS 21 Podlesie"]
[TimeControl "30/5400+30:1800+30"]

1. c4 {[%emt 0:00:02]} Nf6 {[%emt 0:00:08]} 2. g3 {[%emt 0:00:42]} g6 {[%emt 0:00:29]} 3. Bg2 {[%emt 0:00:35]} Bg7 {[%emt 0:00:11]} 4. d4 {[%emt 0:02:05]} O-O {[%emt 0:00:41]} 5. Nc3 {[%emt 0:01:22]} d6 {[%emt 0:00:24]} 6. Nf3 {[%emt 0:00:37]} Nc6 {[%emt 0:00:14]} 7. O-O {[%emt 0:00:20]} Rb8 {[%emt 0:00:13]} 8. h3 {[%emt 0:01:42]} a6 {[%emt 0:00:44]} 9. e4 {[%emt 0:01:19]} b5 {[%emt 0:01:45]} 10. cxb5 {[%emt 0:00:45]} axb5 {[%emt 0:00:13]} 11. Re1 {[%emt 0:00:26]} Nd7 {[%emt 0:11:02]} 12. Bg5 {[%emt 0:02:30]} h6 {[%emt 0:04:52]} 13. Be3 {[%emt 0:01:36]} b4 {[%emt 0:23:07]} 14. Na4 {[%emt 0:02:53]} Bb7 {[%emt 0:01:22]} 15. Rc1 {[%emt 0:05:24]} e6 {[%emt 0:03:05]} 16. Qc2 {[%emt 0:09:19]} Ne7 {[%emt 0:09:20]} 17. Nd2 {[%emt 0:21:34]} Bc6 {[%emt 0:02:58]} 18. b3 {[%emt 0:00:50]} Rb7 {[%emt 0:07:26]} 19. Nc4 {[%emt 0:09:30]} Qa8 {[%emt 0:01:28]} 20. Ncb2 {[%emt 0:00:39]} Rbb8 {[%emt 0:01:26]} 21. Qd2 {[%emt 0:06:11]} Kh7 {[%emt 0:04:17]} 22. Nd3 {[%emt 0:05:03]} Rfc8 {[%emt 0:03:33]} 23. Rxc6 {[%emt 0:07:09]} Qxc6 {[%emt 0:02:03]} 24. Nxb4 {[%emt 0:00:28]} Qb5 {[%emt 0:00:52]} 25. Nc2 {[%emt 0:05:30]} Nb6 {[%emt 0:01:52]} 26. Bf1 {[%emt 0:00:51]} Qd7 {[%emt 0:00:36]} 27. Nc3 {[%emt 0:01:42]} c5 {[%emt 0:05:08]} 28. Ba6 {[%emt 0:06:32]} cxd4 {[%emt 0:02:20]} 29. Nxd4 {[%emt 0:01:50]} Rd8 {[%emt 0:00:27]} 30. Bb5 {[%emt 0:00:41]} Qc8 {[%emt 0:00:22]} 31. a4 {[%emt 0:34:17]} d5 {[%emt 0:34:41]} 32. e5 {[%emt 0:00:04]} Bxe5 {[%emt 0:00:32]} 33. Rc1 {[%emt 0:00:51]} Qb7 {[%emt 0:02:54]} 34. a5 {[%emt 0:00:23]} Nbc8 {[%emt 0:00:06]} 35. a6 {[%emt 0:00:28]} Qa8 {[%emt 0:00:07]} 36. Nce2 {[%emt 0:01:04]} Na7 {[%emt 0:01:56]} 37. Ba4 {[%emt 0:00:38]} Rbc8 {[%emt 0:02:38]} 38. Rxc8 {[%emt 0:00:32]} Qxc8 {[%emt 0:00:13]} 39. Qa5 {[%emt 0:00:32]} Rd6 {[%emt 0:00:38]} 0-1

[Event "DMP Ekstraliga 2020"]
[Site "Krakow"]
[Date "2020.08.30"]
[Round "5.29"]
[White "Dzierzak, Radoslaw"]
[Black "Sadzikowski, Daniel"]
[Result "0-1"]
[WhiteElo "2276"]
[BlackElo "2522"]
[Annotator "ChessBase"]
[PlyCount "66"]
[EventDate "2020.08.26"]
[EventType "team-tourn"]
[EventCountry "POL"]
[SourceTitle "playchess.com"]
[Source "ChessBase"]
[SourceQuality "1"]
[WhiteTeam "UKS 21 Podlesie"]
[BlackTeam "HETMAN Katowice"]
[WhiteTeamCountry "POL"]
[TimeControl "30/5400+30:1800+30"]

1. e4 e5 {[%emt 0:00:07]} 2. Nf3 {[%emt 0:00:24]} Nc6 {[%emt 0:00:05]} 3. Bb5 {[%emt 0:00:34]} a6 {[%emt 0:00:05]} 4. Ba4 {[%emt 0:00:04]} Nf6 {[%emt 0:00:06]} 5. O-O {[%emt 0:00:07]} Be7 {[%emt 0:00:19]} 6. Re1 {[%emt 0:00:13]} b5 {[%emt 0:00:05]} 7. Bb3 {[%emt 0:00:04]} d6 {[%emt 0:00:04]} 8. c3 {[%emt 0:00:05]} O-O {[%emt 0:00:06]} 9. d4 {[%emt 0:00:09]} Bg4 {[%emt 0:00:05]} 10. d5 {[%emt 0:00:09]} Na5 {[%emt 0:00:07]} 11. Bc2 {[%emt 0:00:06]} Qc8 {[%emt 0:00:17]} 12. h3 {[%emt 0:00:11]} Bd7 {[%emt 0:00:15]} 13. Nbd2 {[%emt 0:00:19]} c6 {[%emt 0:00:09]} 14. dxc6 {[%emt 0:00:07]} Qxc6 {[%emt 0:00:02]} 15. Nf1 {[%emt 0:00:16]} Rfc8 {[%emt 0:00:12]} 16. Ng3 {[%emt 0:03:04]} Rab8 {[%emt 0:00:49]} 17. a3 {[%emt 0:14:27]} g6 {[%emt 0:00:25]} 18. Nh2 {[%emt 0:03:34]} Nc4 {[%emt 0:10:21]} 19. Ng4 {[%emt 0:19:22]} Nxg4 {[%emt 0:04:47]} 20. hxg4 {[%emt 0:00:37]} a5 {[%emt 0:02:54]} 21. b3 {[%emt 0:04:47]} Nb6 {[%emt 0:01:12]} 22. Re3 {[%emt 0:00:11]} d5 {[%emt 0:08:43]} 23. Rd3 {[%emt 0:08:42]} d4 {[%emt 0:07:08]} 24. Bb2 {[%emt 0:05:48]} a4 {[%emt 0:13:02]} 25. Bb1 {[%emt 0:01:53]} Nc4 {[%emt 0:09:12]} 26. bxc4 {[%emt 0:03:49]} bxc4 {[%emt 0:00:40]} 27. Rd2 {[%emt 0:02:41]} Bg5 28. Re2 d3 {[%emt 0:03:51]} 29. Bxd3 {[%emt 0:01:04]} Bxg4 {[%emt 0:04:21]} 30. f3 {[%emt 0:05:28]} cxd3 {[%emt 0:06:45]} 31. Qxd3 {[%emt 0:31:50]} Be6 {[%emt 0:30:04]} 32. Bc1 {[%emt 0:08:30]} Bc4 {[%emt 0:01:39]} 33. Qc2 {[%emt 0:01:52]} Bh4 {[%emt 0:01:13]} 0-1

[Event "DMP Ekstraliga 2020"]
[Site "Krakow"]
[Date "2020.08.30"]
[Round "5.30"]
[White "Socko, Monika"]
[Black "Sliwicka, Alicja"]
[Result "1-0"]
[WhiteElo "2428"]
[BlackElo "2317"]
[Annotator "ChessBase"]
[PlyCount "127"]
[EventDate "2020.08.26"]
[EventType "team-tourn"]
[EventCountry "POL"]
[SourceTitle "playchess.com"]
[Source "ChessBase"]
[SourceQuality "1"]
[WhiteTeam "HETMAN Katowice"]
[BlackTeam "UKS 21 Podlesie"]
[TimeControl "30/5400+30:1800+30"]

1. c4 {[%emt 0:00:00]} Nf6 {[%emt 0:07:10]} 2. Nc3 {[%emt 0:00:00]} d5 {[%emt 0:00:57]} 3. d4 {[%emt 0:06:12]} g6 {[%emt 0:03:21]} 4. Nf3 {[%emt 0:01:32]} Bg7 {[%emt 0:00:15]} 5. e3 {[%emt 0:03:32]} O-O {[%emt 0:01:52]} 6. b4 {[%emt 0:00:04]} b6 {[%emt 0:05:40]} 7. Bb2 {[%emt 0:04:05]} c5 {[%emt 0:06:44]} 8. b5 {[%emt 0:14:29]} cxd4 {[%emt 0:06:40]} 9. exd4 {[%emt 0:00:21]} Bb7 {[%emt 0:07:07]} 10. Qb3 {[%emt 0:04:07]} dxc4 {[%emt 0:01:44]} 11. Bxc4 {[%emt 0:00:05]} Bxf3 {[%emt 0:02:32]} 12. gxf3 {[%emt 0:00:04]} Bh6 {[%emt 0:04:34]} 13. Ne4 {[%emt 0:12:35]} Nbd7 {[%emt 0:01:09]} 14. O-O {[%emt 0:06:09]} Nh5 {[%emt 0:07:54]} 15. Rad1 {[%emt 0:04:15]} Rc8 {[%emt 0:02:28]} 16. Kh1 {[%emt 0:04:48]} Qc7 {[%emt 0:03:47]} 17. Bd5 {[%emt 0:00:18]} Ndf6 {[%emt 0:03:11]} 18. Bc6 {[%emt 0:01:04]} Bf4 {[%emt 0:03:30]} 19. Ng3 {[%emt 0:05:05]} Rcd8 {[%emt 0:00:38]} 20. Rfe1 {[%emt 0:05:00]} Bd6 {[%emt 0:03:01]} 21. d5 {[%emt 0:01:34]} Qc8 {[%emt 0:01:40]} 22. Qc4 {[%emt 0:03:01]} Qh3 {[%emt 0:02:43]} 23. Qf1 {[%emt 0:01:53]} Qc8 {[%emt 0:05:30]} 24. Rd4 {[%emt 0:00:56]} Bc5 {[%emt 0:04:25]} 25. Qc4 {[%emt 0:09:13]} Ng7 {[%emt 0:04:16]} 26. Rh4 {[%emt 0:02:50]} Nf5 {[%emt 0:01:04]} 27. Rf4 {[%emt 0:00:32]} Nxg3+ {[%emt 0:02:20]} 28. fxg3 {[%emt 0:00:07]} Nh5 {[%emt 0:00:19]} 29. Qc3 {[%emt 0:02:13]} f6 {[%emt 0:00:37]} 30. Rh4 {[%emt 0:00:19]} Ng7 {[%emt 0:00:25]} 31. Kg2 {[%emt 0:31:42]} Rf7 {[%emt 0:32:03]} 32. Rc4 {[%emt 0:00:26]} Bd6 {[%emt 0:02:20]} 33. Be8 {[%emt 0:02:30]} Qb8 {[%emt 0:00:06]} 34. Bxf7+ {[%emt 0:00:03]} Kxf7 {[%emt 0:00:07]} 35. Qe3 {[%emt 0:00:27]} Qb7 {[%emt 0:01:20]} 36. Rc6 {[%emt 0:00:16]} h5 {[%emt 0:00:25]} 37. Ba3 {[%emt 0:01:56]} Bxa3 {[%emt 0:00:51]} 38. Qxa3 {[%emt 0:00:01]} Rxd5 {[%emt 0:00:47]} 39. Qb3 {[%emt 0:00:24]} Qd7 {[%emt 0:01:31]} 40. Rd1 {[%emt 0:00:00]} e6 {[%emt 0:00:00]} 41. Rxd5 {[%emt 0:00:00]} exd5 {[%emt 0:00:00]} 42. Qb4 {[%emt 0:00:00]} Ne8 {[%emt 0:00:00]} 43. Qd4 {[%emt 0:00:00]} Qf5 {[%emt 0:00:00]} 44. a4 {[%emt 0:00:00]} g5 {[%emt 0:00:00]} 45. g4 {[%emt 0:00:00]} hxg4 {[%emt 0:00:00]} 46. Qxg4 {[%emt 0:00:00]} Qe5 {[%emt 0:00:00]} 47. Qd7+ {[%emt 0:00:00]} Kg6 {[%emt 0:00:00]} 48. Qe6 {[%emt 0:00:00]} Qb2+ {[%emt 0:00:00]} 49. Kh3 {[%emt 0:00:00]} Ng7 {[%emt 0:00:00]} 50. Qxd5 {[%emt 0:00:00]} Qa1 {[%emt 0:00:00]} 51. Qe4+ {[%emt 0:00:00]} Kh6 {[%emt 0:00:00]} 52. Kg2 {[%emt 0:02:52]} Nh5 {[%emt 0:00:22]} 53. h4 {[%emt 0:00:58]} Nf4+ {[%emt 0:00:57]} 54. Kh2 {[%emt 0:00:50]} Qa2+ {[%emt 0:01:38]} 55. Qc2 {[%emt 0:01:49]} Qa1 {[%emt 0:02:18]} 56. Rc7 {[%emt 0:02:40]} Ng6 {[%emt 0:00:15]} 57. hxg5+ {[%emt 0:00:11]} fxg5 {[%emt 0:01:25]} 58. Rc6 {[%emt 0:00:22]} Qe5+ {[%emt 0:00:18]} 59. Kg2 {[%emt 0:00:16]} Qe8 {[%emt 0:00:12]} 60. Qe4 {[%emt 0:00:23]} Qf7 {[%emt 0:00:15]} 61. Qe6 {[%emt 0:00:25]} Qxe6 {[%emt 0:01:18]} 62. Rxe6 {[%emt 0:00:03]} Kh5 {[%emt 0:00:34]} 63. Kg3 {[%emt 0:00:13]} Nh4 {[%emt 0:00:26]} 64. Rf6 {[%emt 0:00:09]} 1-0

[Event "DMP Ekstraliga 2020"]
[Site "Krakow"]
[Date "2020.08.31"]
[Round "6.1"]
[White "Kryvoruchko, Yuriy"]
[Black "Duda, Jan-Krzysztof"]
[Result "0-1"]
[WhiteElo "2682"]
[BlackElo "2753"]
[Annotator "TA"]
[PlyCount "136"]
[EventDate "2020.08.26"]
[EventType "team-tourn"]
[EventCountry "POL"]
[SourceTitle "playchess.com"]
[Source "ChessBase"]
[SourceQuality "1"]
[WhiteTeam "Stilon Gorzow"]
[BlackTeam "HETMAN Katowice"]
[BlackTeamCountry "POL"]

{[%evp 10,136,11,12,18,0,2,1,6,12,12,12,18,11,13,9,1,6,4,0,0,0,0,0,0,-16,-20,-17,-16,-19,-15,-15,-15,-15,-12,-15,-11,-11,-11,-12,-12,-14,-10,-15,0,0,0,-10,-8,-9,-4,-6,0,0,0,-25,-14,-15,-23,-82,-82,-89,-89,-89,-89,-89,-89,-89,-89,-89,-89,-89,-89,-89,-89,-89,-85,-85,-85,-85,-85,-85,-85,-91,-39,-85,-85,-85,-21,-142,-142,-142,-142,-142,-142,-142,-142,-142,-142,-142,-142,-142,-142,-142,0,-142,-26,-142,-27,-33,0,-158,0,-155,-158,-12836,-12836,-12837,-12838,-12838,-12837,-12837,0,-12838,-12839,-12839,-12839,-12840,0]} 1. e4 c5 2. Nf3 d6 3. Bb5+ Nd7 4. O-O a6 5. Bxd7+ Bxd7 6. Re1 e6 {B51: Sicilian: Moscow Variation (3 Bb5+) without 3...Bd7.} 7. d4 cxd4 8. Qxd4 Rc8 {The position is equal.} 9. c4 Qc7 10. b3 Be7 {[#]} 11. Nc3 $146 ({Predecessor:} 11. Bb2 Bf6 12. Qd2 Bxb2 13. Qxb2 Nf6 14. e5 dxe5 15. Nxe5 O-O 16. Nxd7 Nxd7 17. Nd2 {0-1 (30) Pergel,L (2327)-Erdelyi,Z (2391) Hungary 2007}) 11... Nf6 12. a4 O-O 13. Ba3 Rfd8 14. Rac1 Be8 15. Red1 h6 16. h3 Nd7 17. Bxd6 (17. Qd2 {seems wilder.} Nc5 18. Qc2 Bf6 19. Nd4 Qe7 20. Rb1) 17... Bxd6 18. Qxd6 Qxd6 19. Rxd6 Nc5 20. Rxd8 Rxd8 21. b4 Nxa4 22. Rd1 $1 {[%cal Rd1d8]} Rc8 23. Nxa4 Bxa4 $11 {[%mdl 4096] Endgame KRB-KRN} 24. Rd4 $1 Kf8 25. Kf1 Ke7 26. Ke2 b6 27. Kd3 Bc6 28. Kc3 f6 29. Nd2 e5 30. Rd3 Bd7 31. Kc2 Be6 32. Rc3 a5 33. bxa5 bxa5 34. Ra3 (34. f3 $11 {keeps the balance.}) 34... Bxc4 $17 35. Rxa5 Bf1+ 36. Kd1 Bxg2 37. Ra3 {Threatening Rg3.} Rd8 38. Ke1 {With the idea Rg3.} Rd4 $1 39. Rg3 Bxe4 40. Rxg7+ Ke6 {aiming for ...Bf5.} 41. Nxe4 Rxe4+ {KR-KR} 42. Kf1 Rh4 43. Kg2 Rh5 44. Rh7 Kf5 $1 45. Ra7 Rg5+ 46. Kf1 Kf4 ({Black should try} 46... Rg8 $17 47. Rh7 Kg5) 47. Ra6 Rf5 48. Kg2 e4 (48... Kg5 $1 $17 49. Kg3 Rf4) 49. Re6 (49. f3 $11) 49... Rg5+ 50. Kf1 f5 $1 {...Kf3 is the strong threat.} 51. Ra6 h5 52. Ra5 Rg8 53. Rb5 Rd8 54. Kg2 Rd2 {Threatens to win with ...e3.} 55. Kg1 Kg5 56. Ra5 Kf6 (56... h4 $17 {White must now prevent ...Rb2.} 57. Ra7 Kf4) 57. Rb5 (57. Ra6+ $11 {remains equal.} Kg5 58. Re6) 57... Ke6 (57... h4 $17 {Hoping for ...Rd1+.} 58. Rb6+ Kg5) 58. Kf1 (58. f3 $11) 58... Rd5 ({Black should play} 58... Rd1+ $17 59. Kg2 h4) 59. Rb8 f4 {And now ...f3 would win.} 60. Ke2 $2 (60. Rh8 $11) 60... Ra5 $2 (60... Rd3 $1 $17 61. Rb6+ Ke5 62. Rb5+ Rd5) 61. Rf8 $2 {[#]} (61. Rh8 $1 $11) 61... Ke5 $1 {Strongly threatening ...f3+.} 62. Rh8 $2 (62. Re8+ $17 Kf5 63. Rh8) 62... f3+ $19 63. Ke1 Ra1+ 64. Kd2 Ra2+ 65. Ke1 Ra1+ 66. Kd2 Rf1 {Black is clearly winning.} 67. Re8+ Kf4 68. Rf8+ {[#]} Ke5 $2 {[%mdl 32768] Accuracy: White = 79%, Black = 82%. . Sensor Board Error (Ke4/e5)?} (68... Kg5 $1 $19 69. Rg8+ Kh4) 0-1